Movies Quiz

Random Movies or Actress Quiz

Best Leading Actresses in Alphabetical Order Quiz Stats

 Plays Quiz not verified by Sporcle

Also try: AFI Top 10
Challenge
Share
Tweet
Embed
Score 0/75 Timer 15:00
0 Plays Today
Year Actress % Correct
2013Cate Blanchett
96.3%
1933
1967
1968
1981
Katharine Hepburn
96.2%
2012Jennifer Lawrence
95.5%
1953Audrey Hepburn
93.3%
2001Halle Berry
92.8%
2015Brie Larson
92.6%
1964Julie Andrews
92.3%
1939
1951
Vivien Leigh
92.3%
1982
2011
Meryl Streep
92.3%
2007Marion Cotillard
91.8%
1988
1991
Jodie Foster
91.3%
1999
2004
Hilary Swank
91.3%
2009Sandra Bullock
90.4%
1997Helen Hunt
90.4%
1993Holly Hunter
90.4%
2000Julia Roberts
90.4%
1971
1978
Jane Fonda
89.9%
1935
1938
Bette Davis
89.4%
1979
1984
Sally Field
89.4%
2002Nicole Kidman
89.4%
1998Gwyneth Paltrow
89.4%
1946
1949
Olivia de Havilland
88.9%
2008Kate Winslet
88.9%
1944
1956
Ingrid Bergman
88.5%
1976Faye Dunaway
88.5%
1975Louise Fletcher
88%
1962Anne Bancroft
87.5%
2010Natalie Portman
87.5%
2014Julianne Moore
87.5%
1990Kathy Bates
87%
1934Claudette Colbert
86.5%
2006Helen Mirren
86.5%
1960
1966
Elizabeth Taylor
86.5%
2005Reese Witherspoon
86.1%
1942Greer Garson
85.6%
1989Jessica Tandy
85.6%
1970
1973
Glenda Jackson
85.1%
1983Shirley MacLaine
85.1%
Year Actress % Correct
1995Susan Sarandon
85.1%
1977Diane Keaton
84.6%
1987Cher
84.1%
1994Jessica Lange
84.1%
1986Marlee Matlin
83.2%
1974Ellen Burstyn
82.7%
1954Grace Kelly
82.7%
2003Charlize Theron
82.7%
1941Joan Fontaine
81.7%
1996
2017
Frances McDormand
81.7%
1936
1937
Luise Rainer
81.7%
1992Emma Thompson
81.7%
1945Joan Crawford
80.3%
1985Geraldine Page
80.3%
1972Liza Minnelli
79.3%
1961Sophia Loren
78.8%
1980Sissy Spacek
77.9%
1965Julie Christie
77.4%
1928Janet Gaynor
77.4%
1943Jennifer Jones
76.9%
1969Maggie Smith
76.9%
1968Barbra Streisand
76.9%
1958Susan Hayward
75.5%
1957Joanne Woodward
75%
1947Loretta Young
74.5%
1932Helen Hayes
74%
1929Mary Pickford
73.6%
1930Norma Shearer
73.6%
2016Emma Stone
73.3%
1955Anna Magnani
73.1%
1950Judy Holliday
72.6%
1948Jane Wyman
72.6%
1940Ginger Rogers
72.1%
1952Shirley Booth
70.7%
1959Simone Signoret
70.7%
1931Marie Dressler
70.2%
1963Patricia Neal
69.2%

You're not logged in!

Compare scores with friends on all Sporcle quizzes.
Join for Free
OR
Log In

You Might Also Like...

Show Comments

Extras

Top Quizzes Today


Score Distribution

Your Account Isn't Verified!

In order to create a playlist on Sporcle, you need to verify the email address you used during registration. Go to your Sporcle Settings to finish the process.

Report this User

Report this user for behavior that violates our Community Guidelines.

Details: